000 00359cam a22001337a 4500
008 180718b1915 xxu||||| |||| 00| 0 eng d
082 _aB11x38 L763
100 _aLivingstone, R.W.
245 _aThe Greek genius and its meaning to us
_cby R.W. Livingstone
250 _a2nd
260 _aLondon
_bOUP
_c1915
300 _a250p.
650 _aCivilization, Greek
999 _c373468
_d373468